Responses for Show #2244 - Thursday, May 12, 1994

1994 College Championship final game 1.

Contestants

[<< previous game]

Jeff Stewart, a senior from Brigham Young University

Dave Goldsmith, a senior from Colgate University

Keri Ellis, a senior from Michigan Technological University

[next game >>]

Jeopardy! Round responses

WOMEN IN HISTORY
SPORTS '93
WEIGHTS & MEASURES
LITERARY ALLUSIONS
MONTHS
"H"ODGEPODGE
(Alex: Each correct response will begin with that letter of the alphabet.)
    $100 1
Carrie Nation

Keri
    $100 30
(Michael) Jordan

Jeff
    $100 4
Celsius

Keri
    $100 10
Don Quixote

Keri
    $100 16
(Jeff: What is September?)

October

DaveJeff
    $100 24
health

Dave
    $200 2
(Jeff: Who is Ramses?)

Cheops (Khufu)

KeriJeff
    $200 26
(Steffi) Graf

Jeff
    $200 5
an ampere

Jeff
    $200 11
Tarzan

Jeff
    $200 17
May

Keri
    $200 25
watermelon

Jeff
    $300 3
Susan B. Anthony

Dave
    $300 21
(Arnold) Schwarzenegger

Jeff
    $300 8
a cubit

Keri
    $300 13
Romeo

Keri
    $300 19
(Alex: Enchanted [*], yes.)

April

Keri
    $300 29
a harvest moon

Jeff
    $400 15
Florence Nightingale

Dave
    $400 12
the Preakness

Keri
    $400 9
a meter

Keri
    $400 7
Cinderella

Dave
    $400 20
R

Jeff
    $400 22
Honduras

Dave
    $600 18
Marie Antoinette

Keri
    $500 28
the (Cincinnati) Reds

Jeff
    $500 6
a stone

Jeff
    $500 14
Moliere

Keri
    $500 23
February

Dave
    $500 27
(Dave: What's a hummingbird?)

a hen

DaveJeff

Scores at the first commercial break (after clue 15):

Keri Dave Jeff
$2,400 $1,100 $700

Scores at the end of the Jeopardy! Round:

Keri Dave Jeff
$3,500 $1,700 $3,100

Double Jeopardy! Round responses

THE 20th CENTURY
INVENTORS
WASHINGTON, D.C.
LIBRARIES
EXPLORERS
COLLEGE POTPOURRI
    $200 26
Hirohito

Jeff
    $200 1
the Wright brothers

Dave
    $200 14
the Potomac

Keri
    $200 15
Albany

Jeff
    $200 27
Columbus

Jeff
    $200 4
liberal arts

Jeff
    $400 22
the Hope Diamond

Jeff
    $400 2
(Keri: Uh, who is Cecil, um... )

Cyrus McCormick

KeriDave
    $400 25
the Capitol

Jeff
    $400 30
Chicago

Keri
    $400 24
(Jeff: Who is Magellan?)

Balboa

DaveJeff
    $400 18
Sigourney Weaver

Keri
    $600 12
Poland

Dave
    $600 3
Alexander Graham Bell

Keri
    $600 6
the FBI

Jeff
    $600 28
Utah

Jeff
    $4,000 23
Hudson

Jeff
    $600 17
doctor of education

Keri
    $800 5
(Lizzie) Borden

Jeff
    $800 8
(James) Watt

Jeff
    $800 29
Dulles

Dave
    $800 7
the University of California

Dave
    $800 16
Cook

Jeff
    $800 19
the bursar

Triple Stumper
    $1000 9
Trotsky

Jeff
    $1,500 13
(Enrico) Fermi

Dave
    $1000 11
(Sharon Pratt) Kelly

Jeff
    $1000 10
Prince Edward Island

Jeff
    $1000 21
(Dave: Who is Champlain?)

Jacques Cartier

Dave
Triple Stumper
    $1000 20
(Keri: What is Oxford?)

Cambridge

KeriJeff

Scores at the end of the Double Jeopardy! Round:

Keri Dave Jeff
$4,300 $5,400 $15,900

Final Jeopardy! Round responses

ALPHABETICALLY FIRST
(Alex: The second man to walk on the Moon, but alphabetically first.)
...
(Alex: You were correct the other day when you said you're not too good a speller; you put an "E" instead of an "I" in his name.)
(Jeff: [Hands up] Of course.)
(Alex: But that's okay.)
KeriWho is Aldrin?
$700
DaveWho is Aldrin?
$4,600
JeffWho is Aldren
$900
(Buzz) Aldrin

Final scores:

Keri Dave Jeff
$5,000 $10,000 $16,800

Game dynamics:

Coryat scores:

Keri Dave Jeff
$4,200 $4,900 $12,500
17 R
(including 1 DD),
2 W
14 R
(including 1 DD),
2 W
27 R
(including 1 DD),
3 W

Combined Coryat: $21,600

[game] [game scores] [suggest correction]

Game tape date: 1994-02-28
The J! Archive is created by fans, for fans. Scraping, republication, monetization, and malicious use prohibited; this site may use cookies and collect identifying information. See terms. The Jeopardy! game show and all elements thereof, including but not limited to copyright and trademark thereto, are the property of Jeopardy Productions, Inc. and are protected under law. This website is not affiliated with, sponsored by, or operated by Jeopardy Productions, Inc. Join the discussion at JBoard.tv.